000 00396cam a2200157ua 4500
041 _aeng
_h
082 _a604.2
_bHAR/EX
100 _aHarrop, P.F .
245 _aExercises in Engineering drawing /
_cP.F.Harrop.
_hTextual Documents
250 _a1 /
_b.
260 _aLondon :
_bMacMillan and Company Limited ,
_c1961.
300 _a48 ; .
504 _a
942 _cBK
999 _c1848
_d1848